| 000 | 02259cam a22004694i 4500 | ||
|---|---|---|---|
| 003 | PE-LiUPU | ||
| 005 | 20250731173116.0 | ||
| 008 | 190708s1979 bl a rb 000 0 por d | ||
| 035 | _a(Sirsi) a252263 | ||
| 040 |
_aPE-LiUPU _bspa _cPE-LiUPU _erda |
||
| 049 | _aPRUA | ||
| 082 | 0 | 4 |
_a220.91 _S26 _220 |
| 100 | 1 |
_aSarli, Wilson, _eautor. |
|
| 245 | 1 | 0 |
_aAndando por onde andou Jesus / _c[Wilson Sarli]. |
| 250 | _aSegunda edición. | ||
| 264 | 1 |
_aSanto André, SP : _bCasa Publicadora Brasileira, _c1979. |
|
| 300 |
_a277 páginas : _bilustraciones ; _c23 centímetros |
||
| 336 |
_atext _2rdacontent |
||
| 337 |
_aunmediated _2rdamedia |
||
| 338 |
_avolume _2rdacarrier |
||
| 504 | _aBibliografía: páginas 275-277. | ||
| 505 | 0 | _aEgito -- Sob severo olhar da esfinge de gisé -- Encontrode duas épocas na história de um povo -- Penetrando no ãmagode uma fascinante civilizacão -- Trocando as glórias de um reino -- Pelos sofrimientos do desrto -- Península do Sinai -- Domar vermelho ao solitário -- A tribuna do universo -- Líbano e Síria -- Líbano, reminiscêcias do Edén -- Damasco, coracão de deserto -- Mesopotâmia -- De Damasco de Bagdá -- Entre os escombros de Babilônia -- Caiua cidade Dourada -- Palestina -- A cidate do grande rei -- Ele não está aqui -- Haja paz em ti -- "Vamos, pois, até Belém" -- Uma busca de um passado abençoado -- Outros lugares sagrados -- Roma -- Roma, a capital dos séculos -- Asoberania da razão, direito absoluto -- Ainda em Roma -- Ofim -- Alonga procissão da histórica. | |
| 526 | _aSEG42 | ||
| 526 | _aSEG41 | ||
| 526 | _aSEG40 | ||
| 526 | _aSEG39 | ||
| 526 | _aP94 | ||
| 526 | _aP87 | ||
| 526 | _aP86 | ||
| 526 | _aP85 | ||
| 526 | _aP77 | ||
| 526 | _aP76 | ||
| 526 | _aP35 | ||
| 630 | 0 | 4 |
_aBiblia _xGeografía. |
| 651 | 4 |
_aMedio Oriente _xDescripción y viaje. |
|
| 910 |
_adbm _bjpc _cjpc _d20190708 |
||
| 942 |
_2ddc _cBOOK |
||
| 994 |
_aC0 _bPEPRU |
||
| 596 | _a1 | ||
| 999 |
_a220.91 S26 _wDEWEY _c31495 _i80229 _f2021-11-9 _g3 _lCCODEBUL1 _mBUL _p12.00 _r0 _sY _tBOOK _u2019-7-8 _xTEOLOGIA _PP35 _0COMPRA _o.STAFF. Colección Teología _d31495 |
||
| 980 |
_81 _gALBERTO SANCHEZ Responsable de Automatización |
||